Asamiya kabitar chandra (Record no. 3617)

MARC details
000 -LEADER
fixed length control field 00441cam a2200181ua 4500
008 - FIXED-LENGTH DATA ELEMENTS--GENERAL INFORMATION
fixed length control field 111207n ii |||gr||||Z||||||asm
040 ## - CATALOGING SOURCE
Transcribing agency MAIN
082 ## - DEWEY DECIMAL CLASSIFICATION NUMBER
Classification number 891.4511
100 ## - MAIN ENTRY--PERSONAL NAME
Personal name Bora, Maheswar,
245 11 - TITLE STATEMENT
Title Asamiya kabitar chandra
Statement of responsibility, etc. by Maheswar Bora
250 ## - EDITION STATEMENT
Edition statement 2nd.
260 ## - PUBLICATION, DISTRIBUTION, ETC.
Place of publication, distribution, etc. Dibrugarh:
Name of publisher, distributor, etc. Bani Mandir,986.
300 ## - PHYSICAL DESCRIPTION
Extent 164p:
Dimensions 23cm.
942 ## - ADDED ENTRY ELEMENTS (KOHA)
Koha item type Books
653 ## - INDEX TERM--UNCONTROLLED
Uncontrolled term Assamese poem
653 ## - INDEX TERM--UNCONTROLLED
Uncontrolled term Asamiya kabitar chandra
Holdings
Withdrawn status Lost status Damaged status Not for loan Home library Current library Shelving location Date acquired Total Checkouts Full call number Barcode Date last seen Date last checked out Copy number Price effective from Koha item type
        Central Library, Naharkatiya College Central Library, Naharkatiya College General Stacks 19/09/2020 7 891.4511 | BOR 7606 30/06/2023 23/06/2023 2 19/09/2020 Books
        Central Library, Naharkatiya College Central Library, Naharkatiya College General Stacks 19/09/2020 4 891.4511 | BOR 7746 30/01/2023 20/01/2023 4 19/09/2020 Books
        Central Library, Naharkatiya College Central Library, Naharkatiya College General Stacks 19/09/2020   891.4511 | BOR 7747 19/09/2020   3 19/09/2020 Books
        Central Library, Naharkatiya College Central Library, Naharkatiya College General Stacks 19/09/2020 3 891.4511 | BOR 7748 16/06/2022 01/06/2022 1 19/09/2020 Books

Naharkatiya College © 2020. All rights reserved.

Powered By